| 000 | 00616nam a22001817a 4500 | ||
|---|---|---|---|
| 008 | 160921b xxu||||| |||| 00| 0 eng d | ||
| 020 | _a0205071759 | ||
| 050 |
_aLB 1050.5 _b.S59 1981 |
||
| 100 | _aSpache, George D. | ||
| 245 |
_aDiagnosing and correcting reading disabilities/ _cGeorge D. Spache. |
||
| 250 | _a2nd ed. | ||
| 260 |
_aBoston : _bAllyn and Bacon ; _cc1981. |
||
| 300 |
_aix, 454p. : _bill. ; _c24cm. |
||
| 500 | _aIncludes appendix, bibliography and index. | ||
| 650 |
_aReading _xremedial teaching. |
||
| 650 | _aReading disability. | ||
| 942 |
_2lcc _cBOOKS _hLB 1050.5 .S59 1981 |
||
| 999 |
_c13946 _d13946 |
||